000 01448nam0a2200373 4500
001 RU\NLR\bibl\1377148
005 20260406102019.0
010 _a978-5-271-20290-2
_bАстрель
010 _a978-5-9725-1297-3
_bАстрель-СПб
_910000
021 _aRU
_b2009-26388
_91568
035 _a(nilc)IZD\AST\2007\862628
035 _aRSL-KNO-004273875
035 _a(NLR Aleph) 001369254
090 _a1031020
_c1031020
100 _a20090128d2008 |||y0rusy50 ca
101 0 _arus
102 _aRU
105 _aa |||||||||
106 _ar
200 1 _aВеселые скороговорки
_f[авт.-сост. Ольга Борисовна Шапина
_gхудож. С. Емельянова и др.]
210 _aМосква
_cАстрель
_aСанкт-Петербург
_cАстрель-СПб
_d2008
215 _a47 с.
_cцв. ил.
_d16х15
225 1 _aКнижка для малышки
686 _aШ9(2)3=Р0-5
_2rubbk
702 1 _4040
_7ca
_8rus
_aЕмельянова
_bС. В.
_cхудожник
_gСветлана В.
_965835
_3RU\NLR\auth\7782907
702 1 _4220
_7ca
_8rus
_aШапина
_bО. Б.
_gОльга Борисовна
_986080
_3RU\NLR\auth\77103154
801 0 _aRU
_bЛИБНЕТ
_c20090128
_gRCR
801 1 _aRU
_bЛИБНЕТ
_c20090128
801 2 _aRU
_bРГДБ
_c20090204
801 2 _aRU
_bNLR
_c20090604
_grcr
830 _aCODE_OF_LIBNET\000018187
942 _cBOOK
980 _aNB